| 000 | 00726nam a22002057a 4500 | ||
|---|---|---|---|
| 999 |
_c11282 _d11282 |
||
| 003 | AR-CdUCM | ||
| 008 | 190403b ||||| |||| 00| 0 spa d | ||
| 040 |
_aMUNICIPALIDAD PROVINCIAL DEL CUSCO _cBIBLIOTECA MUNICIPAL DEL CUSCO |
||
| 082 |
_aC / 869.56 / _bV21P |
||
| 100 |
_aValencia, Faustino _928574 |
||
| 245 | _aDel Parnaso Cusqueño / | ||
| 260 |
_aSicuani : _bTip. La Verdad. |
||
| 300 |
_a38 páginas ; _c21 cm. |
||
| 505 | _aContenido: Tres cantos al Cuzco -- La Epopeya de Manko II -- La canción del Ande -- A Micaela de Bastidas -- El vértigo de la América ... | ||
| 650 |
_aLiteratura Cusqueña _97280 |
||
| 650 |
_aCantos _91085 |
||
| 650 |
_aSicuani - Cusco _99123 |
||
| 942 |
_2ddc _cLIBROS |
||
| 945 | _aachl | ||